书目信息 |
| 题名: |
仿射微分几何
|
|
| 作者: | 苏步青 著 | |
| 分册: | ||
| 出版信息: | 北京 科学出版社 1982.1 |
|
| 页数: | 223页 | |
| 开本: | 24cm | |
| 丛书名: | ||
| 单 册: | ||
| 中图分类: | O186.13 | |
| 科图分类: | ||
| 主题词: | 仿射微分几何 | |
| 电子资源: | ||
| ISBN: | 978-7-03-029390-9 | |
| 000 | 00902nam0 2200241 450 | |
| 001 | 0400001405 | |
| 005 | 20171018125320.0 | |
| 010 | @a978-7-03-029390-9@dCNY98.00 | |
| 100 | @a20101213e20171982em y0chiy50 ea | |
| 101 | 0 | @achi |
| 102 | @aCN@b110000 | |
| 105 | @ay z 000yy | |
| 106 | @ar | |
| 200 | 1 | @a仿射微分几何@9fang she wei fen ji he@b专著@f苏步青著 |
| 210 | @a北京@c科学出版社@d1982.1@h2017.4 | |
| 215 | @a223页@d24cm | |
| 300 | @a中国科学技术经典文库·数学卷 | |
| 330 | @a仿射微分几何是一门发展较早的学科,本书著者从20世纪20年代中期到30年代初期在这一学科中做了大量工作。该书充分反映了著者的研究工作成果,与国外同类著作相比,出发点和重点都不相同,显示了我国数学家自己特有的方法写成的专著的特点。全书分为五章。 | |
| 606 | 0 | @a仿射微分几何 |
| 690 | @aO186.13@v4 | |
| 701 | 0 | @a苏步青@9su bu qing@f(1902~2003)@4著 |
| 801 | 0 | @aCN@b91MARC@c20171018 |
| 905 | @b1020759-63@dO186.13@f5@e51 | |
| 仿射微分几何/苏步青著.-北京:科学出版社,1982.1(2017.4) |
| 223页;24cm |
| 中国科学技术经典文库·数学卷 |
| ISBN 978-7-03-029390-9:CNY98.00 |
| 仿射微分几何是一门发展较早的学科,本书著者从20世纪20年代中期到30年代初期在这一学科中做了大量工作。该书充分反映了著者的研究工作成果,与国外同类著作相比,出发点和重点都不相同,显示了我国数学家自己特有的方法写成的专著的特点。全书分为五章。 |
| ● |
| 相关链接 |
|
|
|
|
正题名:仿射微分几何
索取号:O186.13/51
 
预约/预借
| 序号 | 登录号 | 条形码 | 馆藏地/架位号 | 状态 | 备注 |
| 1 | 1020759 | 210207596 | 第二样本阅览室/ [索取号:O186.13/51] | 在馆 | |
| 2 | 1020760 | 210207603 | 数信系资料室/ [索取号:O186.13/51] | 在馆 | |
| 3 | 1020761 | 210207612 | 第三借阅区/ [索取号:O186.13/51] | 在馆 | |
| 4 | 1020762 | 210207621 | 第三借阅区/ [索取号:O186.13/51] | 在馆 | |
| 5 | 1020763 | 210207630 | 第三借阅区/ [索取号:O186.13/51] | 在馆 |